MARC details
| 000 -LEADER |
| fixed length control field |
03465cam a2200373 i 4500 |
| 001 - CONTROL NUMBER |
| control field |
22684946 |
| 003 - CONTROL NUMBER IDENTIFIER |
| control field |
CSPC |
| 005 - DATE AND TIME OF LATEST TRANSACTION |
| control field |
20260113112153.0 |
| 008 - FIXED-LENGTH DATA ELEMENTS--GENERAL INFORMATION |
| fixed length control field |
220707s2024 nyua 001 0 eng |
| 010 ## - LIBRARY OF CONGRESS CONTROL NUMBER |
| LC control number |
2022032170 |
| 020 ## - INTERNATIONAL STANDARD BOOK NUMBER |
| International Standard Book Number |
9781266138010 |
| Qualifying information |
paperback |
| 035 ## - SYSTEM CONTROL NUMBER |
| System control number |
22684946 |
| 040 ## - CATALOGING SOURCE |
| Original cataloging agency |
DLC |
| Language of cataloging |
eng |
| Description conventions |
rda |
| Transcribing agency |
DLC |
| Modifying agency |
DLC |
| -- |
rda |
| 042 ## - AUTHENTICATION CODE |
| Authentication code |
pcc |
| 050 00 - LIBRARY OF CONGRESS CALL NUMBER |
| Classification number |
BF713 |
| Item number |
.S26 2024 |
| 082 00 - DEWEY DECIMAL CLASSIFICATION NUMBER |
| Classification number |
155 |
| Item number |
Sa599l |
| Edition number |
23/eng/20220824 |
| 100 1# - MAIN ENTRY--PERSONAL NAME |
| Personal name |
Santrock, John W., |
| Relator term |
author. |
| 245 10 - TITLE STATEMENT |
| Title |
Life-span development / |
| Statement of responsibility, etc. |
John W. Santrock. |
| 250 ## - EDITION STATEMENT |
| Edition statement |
Nineteenth edition. |
| 264 #1 - PRODUCTION, PUBLICATION, DISTRIBUTION, MANUFACTURE, AND COPYRIGHT NOTICE |
| Place of production, publication, distribution, manufacture |
New York, NY : |
| Name of producer, publisher, distributor, manufacturer |
McGraw Hill LLC, |
| Date of production, publication, distribution, manufacture, or copyright notice |
2024. |
| 300 ## - PHYSICAL DESCRIPTION |
| Extent |
lx, 612 [G-8, R-87, NI-23, SI-22] pages : |
| Other physical details |
illustrations (some color) ; |
| Dimensions |
29 cm. |
| 336 ## - CONTENT TYPE |
| Content type term |
text |
| Content type code |
txt |
| Source |
rdacontent |
| 337 ## - MEDIA TYPE |
| Media type term |
unmediated |
| Media type code |
n |
| Source |
rdamedia |
| 338 ## - CARRIER TYPE |
| Carrier type term |
volume |
| Carrier type code |
nc |
| Source |
rdacarrier |
| 504 ## - BIBLIOGRAPHY, ETC. NOTE |
| Bibliography, etc. note |
Includes bibliographical references and index. |
| 505 0# - FORMATTED CONTENTS NOTE |
| Formatted contents note |
Section 1. The life-span perspective -- Introduction -- Section 2. Beginnings -- Biological beginning -- Prenatal development and birth -- Section 3. Infancy -- Physical development in infancy -- Cognitive development in infancy -- Socioemotional development in infancy -- Section 4. Early childhood -- Physical and cognitive development in early childhood -- Socioemotional development in early childhood -- Section 5. Middle and late childhood -- Physical and cognitive development in middle and late childhood -- Socioemotional development in middle and late childhood -- Section 6. Adolescence -- Physical and cognitive development in adolescence -- Socioemotional development in adolescence -- Section 7. Early adulthood -- Physical and cognitive development in early adulthood -- Socioemotional development in early adulthood -- Section 8. Middle adulthood -- Physical and cognitive development in middle adulthood -- Socioemotional development in middle adulthood -- Section 9. Late adulthood -- Physical development in late adulthood -- Cognitive development in late adulthood -- Socioemotional development in late adulthood -- Section 10. Endings -- Death, dying, and grieving. |
| 520 ## - SUMMARY, ETC. |
| Summary, etc. |
"This edition provides extensive learning connections throughout the chapters. The learning system connects the chapter opening outline, learning goals for the chapter, mini-chapter maps that open each main section of the chapter, Review Connect, and Reflect questions at the end of each main section, and the chapter summary at the end of each chapter. In this edition, real-life connections are explicitly made through the chapter opening vignette, Connecting Development to Life, the Milestones program that helps students watch life as it unfolds, and Connecting with Careers"-- |
| Assigning source |
Provided by publisher. |
| 650 #0 - SUBJECT ADDED ENTRY--TOPICAL TERM |
| Topical term or geographic name entry element |
Developmental psychology. |
| 776 08 - ADDITIONAL PHYSICAL FORM ENTRY |
| Relationship information |
Online version: |
| Main entry heading |
Santrock, John W.. |
| Title |
Life-span development |
| Edition |
Ninteenth edition. |
| Place, publisher, and date of publication |
Dubuque : McGraw Hill LLC, [2024] |
| International Standard Book Number |
9781266768163 |
| Record control number |
(DLC) 2022032171 |
| 906 ## - LOCAL DATA ELEMENT F, LDF (RLIN) |
| a |
7 |
| b |
cbc |
| c |
orignew |
| d |
1 |
| e |
ecip |
| f |
20 |
| g |
y-gencatlg |
| 942 ## - ADDED ENTRY ELEMENTS (KOHA) |
| Source of classification or shelving scheme |
Dewey Decimal Classification |
| Koha item type |
Books |
| Edition |
23 |
| Classification part |
155 |
| Item part |
Sa599l |
| Call number prefix |
CIR |
| Call number suffix |
2024 |
| Suppress in OPAC |
No |